[Event "Eurasia Open Cup 2019"]
[Site "Ekaterinburg"]
[Date "2019.08.02"]
[Round "3.28"]
[White "Vinokur, Yuliya"]
[Black "Postnikov, Daniil"]
[Result "1/2-1/2"]
[WhiteElo "2013"]
[BlackElo "2354"]
[Annotator "NA"]
[PlyCount "141"]
[EventDate "2019.07.31"]
[EventType "swiss"]
[EventCountry "RUS"]
[SourceTitle "playchess.com"]
[Source "ChessBase"]
[SourceQuality "1"]
[TimeControl "5400+30"]

1. d4 {[%emt 0:00:00]} Nf6 {[%emt 0:00:00]} 2. c4 {[%emt 0:00:00]} g6 {[%emt 0:00:00]} 3. Nc3 {[%emt 0:00:00]} d5 {[%emt 0:00:00]} 4. cxd5 {[%emt 0:00:11]} Nxd5 {[%emt 0:00:00]} 5. e4 {[%emt 0:01:22]} Nxc3 {[%emt 0:00:00]} 6. bxc3 {[%emt 0:00:00]} Bg7 {[%emt 0:00:00]} 7. Bc4 {[%emt 0:00:45]} c5 {[%emt 0:00:00]} 8. Ne2 {[%emt 0:01:20]} Nc6 {[%emt 0:00:00]} 9. Be3 {[%emt 0:00:42]} O-O {[%emt 0:00:00]} 10. O-O {[%emt 0:01:07]} Bd7 {[%emt 0:02:51]} 11. Rb1 {[%emt 0:01:44]} Qc7 {[%emt 0:04:02]} 12. Bd3 {[%emt 0:02:38]} Rad8 {[%emt 0:01:51]} 13. Qc1 {[%emt 0:00:33]} f5 {[%emt 0:05:54]} 14. e5 {[%emt 0:14:28]} Be6 {[%emt 0:05:07]} 15. Rd1 {[%emt 0:09:30]} Bxa2 {[%emt 0:06:10]} 16. Rb2 {[%emt 0:04:46]} Bf7 {[%emt 0:03:39]} 17. f4 {[%emt 0:00:15]} c4 {[%emt 0:01:52]} 18. Bc2 {[%emt 0:02:31]} Bd5 {[%emt 0:00:55]} 19. Ng3 {[%emt 0:12:31]} Na5 {[%emt 0:03:16]} 20. Qa1 {[%emt 0:01:37]} b6 {[%emt 0:00:24]} 21. Nf1 {[%emt 0:01:21]} e6 {[%emt 0:02:59]} 22. Bf2 {[%emt 0:00:55]} Bh6 {[%emt 0:02:16]} 23. Bh4 {[%emt 0:03:19]} Bxf4 {[%emt 0:00:26]} 24. Bxd8 {[%emt 0:02:19]} Qxd8 {[%emt 0:00:35]} 25. Re1 {[%emt 0:08:14]} Ba8 {[%emt 0:10:07]} 26. Bd1 {[%emt 0:03:06]} Rf7 {[%emt 0:02:59]} 27. Rf2 {[%emt 0:02:19]} Bh6 {[%emt 0:04:27]} 28. Ne3 {[%emt 0:01:49]} b5 {[%emt 0:03:42]} 29. Ra2 {[%emt 0:05:17]} Qh4 {[%emt 0:00:16]} 30. Ree2 {[%emt 0:05:13]} f4 {[%emt 0:05:24]} 31. Nf1 {[%emt 0:03:12]} f3 {[%emt 0:02:35]} 32. Rf2 {[%emt 0:00:25]} fxg2 {[%emt 0:01:35]} 33. Rxf7 {[%emt 0:02:24]} gxf1=Q+ {[%emt 0:03:46]} 34. Kxf1 {[%emt 0:02:03]} Kxf7 {[%emt 0:07:47]} 35. Rf2+ {[%emt 0:00:01]} Ke8 {[%emt 0:14:43]} 36. Qxa5 {[%emt 0:00:48]} Bc6 {[%emt 0:00:05]} 37. Qc7 {[%emt 0:03:08]} Bd7 {[%emt 0:03:16]} 38. Qb8+ {[%emt 0:01:04]} Qd8 {[%emt 0:01:31]} 39. Qxa7 {[%emt 0:00:09]} Qh4 {[%emt 0:01:18]} 40. Qa8+ {[%emt 0:03:38]} Qd8 {[%emt 0:00:42]} 41. Qe4 {[%emt 0:00:10]} Qg5 {[%emt 0:00:52]} 42. Qf3 {[%emt 0:02:25]} Qc1 {[%emt 0:01:45]} 43. Kg2 {[%emt 0:00:45]} Qg5+ {[%emt 0:00:06]} 44. Kh1 {[%emt 0:00:27]} Qe3 {[%emt 0:00:05]} 45. Qa8+ {[%emt 0:00:16]} Ke7 {[%emt 0:00:04]} 46. Qa3+ {[%emt 0:00:52]} Ke8 {[%emt 0:00:23]} 47. Qa8+ {[%emt 0:00:09]} Ke7 {[%emt 0:00:03]} 48. Kg1 {[%emt 0:00:58]} Qxc3 {[%emt 0:01:40]} 49. Qh8 {[%emt 0:00:31]} Qxd4 {[%emt 0:01:13]} 50. Qf6+ {[%emt 0:00:44]} Ke8 {[%emt 0:00:05]} 51. Qh8+ {[%emt 0:00:02]} Ke7 {[%emt 0:00:00]} 52. Qf6+ {[%emt 0:01:14]} Ke8 {[%emt 0:00:11]} 53. Qh8+ {[%emt 0:00:08]} Ke7 {[%emt 0:00:00]} 54. Qf6+ {[%emt 0:01:00]} Ke8 {[%emt 0:00:10]} 55. Bc2 {[%emt 0:00:24]} Qa1+ {[%emt 0:01:52]} 56. Rf1 {[%emt 0:00:35]} Qd4+ {[%emt 0:00:29]} 57. Rf2 {[%emt 0:00:15]} Qg4+ {[%emt 0:01:13]} 58. Kf1 {[%emt 0:00:20]} Qh3+ {[%emt 0:00:21]} 59. Kg1 {[%emt 0:00:32]} Qg4+ {[%emt 0:01:13]} 60. Kf1 {[%emt 0:00:25]} Qh3+ {[%emt 0:00:27]} 61. Kg1 {[%emt 0:00:47]} Qg4+ {[%emt 0:00:46]} 62. Kf1 {[%emt 0:00:36]} Qh3+ {[%emt 0:00:17]} 63. Kg1 {[%emt 0:00:11]} b4 {[%emt 0:00:16]} 64. Qh8+ {[%emt 0:00:31]} Ke7 {[%emt 0:00:33]} 65. Qf6+ {[%emt 0:00:43]} Ke8 {[%emt 0:00:03]} 66. Qh8+ {[%emt 0:00:36]} Ke7 {[%emt 0:00:04]} 67. Qf6+ {[%emt 0:00:04]} Ke8 {[%emt 0:00:03]} 68. Qh8+ {[%emt 0:00:48]} Ke7 {[%emt 0:00:04]} 69. Qf6+ {[%emt 0:00:38]} Ke8 {[%emt 0:00:04]} 70. Qh8+ {[%emt 0:00:25]} Ke7 {[%emt 0:00:03]} 71. Qf6+ {[%emt 0:00:31]} 1/2-1/2

[Event "Eurasia Open Cup 2019"]
[Site "Ekaterinburg"]
[Date "2019.08.02"]
[Round "3.29"]
[White "Voinikonis, Nikita"]
[Black "Klukin, Kirill"]
[Result "1/2-1/2"]
[WhiteElo "2137"]
[BlackElo "2325"]
[Annotator "NA"]
[PlyCount "82"]
[EventDate "2019.07.31"]
[EventType "swiss"]
[EventCountry "RUS"]
[SourceTitle "playchess.com"]
[Source "ChessBase"]
[SourceQuality "1"]
[TimeControl "5400+30"]

1. d4 {[%emt 0:00:00]} Nf6 {[%emt 0:00:00]} 2. Bg5 {[%emt 0:00:00]} e6 {[%emt 0:01:04]} 3. e4 {[%emt 0:00:00]} h6 {[%emt 0:00:15]} 4. Bxf6 {[%emt 0:00:03]} Qxf6 {[%emt 0:00:10]} 5. c3 {[%emt 0:00:15]} d6 {[%emt 0:04:21]} 6. Nd2 {[%emt 0:00:45]} g6 {[%emt 0:01:31]} 7. Bc4 {[%emt 0:00:30]} Bg7 {[%emt 0:00:36]} 8. Ngf3 {[%emt 0:00:31]} O-O {[%emt 0:00:21]} 9. Qe2 {[%emt 0:00:20]} Nd7 {[%emt 0:01:51]} 10. O-O {[%emt 0:00:46]} a6 {[%emt 0:03:43]} 11. a4 {[%emt 0:00:04]} Qe7 {[%emt 0:06:33]} 12. a5 {[%emt 0:01:56]} e5 {[%emt 0:04:37]} 13. dxe5 {[%emt 0:05:32]} dxe5 {[%emt 0:04:33]} 14. b4 {[%emt 0:01:01]} Nf6 {[%emt 0:03:33]} 15. Nb3 {[%emt 0:03:22]} Nh5 {[%emt 0:03:53]} 16. Qe3 {[%emt 0:06:52]} Nf4 {[%emt 0:05:51]} 17. g3 {[%emt 0:00:35]} Be6 {[%emt 0:01:04]} 18. Bxe6 {[%emt 0:07:32]} Nxe6 {[%emt 0:04:39]} 19. Rad1 {[%emt 0:06:30]} Rfc8 {[%emt 0:00:06]} 20. Nfd2 {[%emt 0:05:35]} b5 {[%emt 0:03:43]} 21. axb6 {[%emt 0:13:03]} cxb6 {[%emt 0:11:44]} 22. Qxb6 {[%emt 0:08:51]} Rxc3 {[%emt 0:00:04]} 23. Ra1 {[%emt 0:02:38]} Rcc8 {[%emt 0:00:10]} 24. b5 {[%emt 0:00:34]} axb5 {[%emt 0:11:29]} 25. Rxa8 {[%emt 0:06:45]} Rxa8 {[%emt 0:05:01]} 26. Qxb5 {[%emt 0:00:09]} Nd4 {[%emt 0:00:00]} 27. Nxd4 {[%emt 0:00:00]} exd4 {[%emt 0:00:41]} 28. Rd1 {[%emt 0:01:25]} Kh7 {[%emt 0:00:00]} 29. h4 {[%emt 0:00:39]} Ra2 {[%emt 0:02:08]} 30. Qd5 {[%emt 0:03:47]} Qa7 {[%emt 0:02:34]} 31. h5 {[%emt 0:02:00]} Ra5 {[%emt 0:01:34]} 32. hxg6+ {[%emt 0:02:21]} fxg6 {[%emt 0:01:12]} 33. Qd6 {[%emt 0:00:08]} Ra2 {[%emt 0:00:04]} 34. Qd5 {[%emt 0:01:26]} Qa6 {[%emt 0:05:12]} 35. Qc4 {[%emt 0:06:00]} Qa5 {[%emt 0:02:47]} 36. Nf3 {[%emt 0:01:27]} Ra4 {[%emt 0:02:27]} 37. Qc6 {[%emt 0:02:12]} Ra3 {[%emt 0:01:26]} 38. e5 {[%emt 0:01:29]} Bxe5 {[%emt 0:01:41]} 39. Nxe5 {[%emt 0:07:25]} Qxe5 {[%emt 0:02:38]} 40. Qd7+ {[%emt 0:03:34]} Qg7 {[%emt 0:00:04]} 41. Qxg7+ {[%emt 0:00:04]} Kxg7 {[%emt 0:00:08]} 1/2-1/2

[Event "Eurasia Open Cup 2019"]
[Site "Ekaterinburg"]
[Date "2019.08.02"]
[Round "3.30"]
[White "Khanin, Semen"]
[Black "Ufimtsev, Egor"]
[Result "1-0"]
[WhiteElo "2517"]
[BlackElo "2148"]
[Annotator "TA"]
[PlyCount "39"]
[EventDate "2019.07.31"]
[EventType "swiss"]
[EventCountry "RUS"]
[SourceTitle "playchess.com"]
[Source "ChessBase"]
[SourceQuality "1"]

{[%evp 21,39,0,0,0,0,0,41,36,55,37,24,13,24,-36,264,204,514,528,504,500]} 1. e4 c5 2. Nf3 d6 3. d4 cxd4 4. Nxd4 Nf6 5. Nc3 Nc6 6. Bg5 e6 7. Qd2 a6 8. O-O-O h6 9. Nxc6 bxc6 10. Bf4 d5 11. Qe3 Bb4 12. Be2 {B66: Sicilian: Richter-Rauzer: 7...a6 8 0-0-0 h6} O-O 13. e5 Nh7 (13... Nd7 14. Qg3 Kh8 15. Qh3 Kg8 16. Rd3 Be7 17. Rg3 Bh4 18. Bxh6 g6 19. Rg4 Bxf2 20. Rf1 Bc5 21. Bg5 Be7 22. Bxe7 Qxe7 23. Qh6 Nxe5 24. Rh4 {1-0 (24) Wang,H (2709)-Ivanchuk,V (2726) Huaian 2017}) 14. a3 {White is slightly better.} Be7 $1 15. h4 Qa5 16. Bxh6 $146 ({Predecessor:} 16. Rh3 Kh8 17. g4 Rb8 18. Nb1 c5 19. g5 Bd7 20. gxh6 {1-0 (47) Gerasimov,V (2476)-Novak,J (2527) ICCF email 2013}) 16... gxh6 17. Rh3 (17. Qxh6 $11 Qc7 18. Bd3) 17... f5 $2 {[%mdl 8192]} (17... Qc7 $1 $15 {keeps the upper hand.}) 18. Qxh6 $18 {[#] Threatens to win with Rg3+.} Rf7 $2 (18... Kh8) 19. Rg3+ Kh8 20. Qg6 {Accuracy: White = 79%, Black = 19%.} 1-0

[Event "Eurasia Open Cup 2019"]
[Site "Ekaterinburg"]
[Date "2019.08.02"]
[Round "3.31"]
[White "Tyurin, Ilya"]
[Black "Drygalov, Andrey"]
[Result "0-1"]
[WhiteElo "2168"]
[BlackElo "2494"]
[Annotator "ChessBase"]
[PlyCount "152"]
[EventDate "2019.07.31"]
[EventType "swiss"]
[EventCountry "RUS"]
[SourceTitle "playchess.com"]
[Source "ChessBase"]
[SourceQuality "1"]
[TimeControl "5400+30"]

1. Nf3 {[%emt 0:00:00]} d5 {[%emt 0:00:00]} 2. d4 {[%emt 0:00:00]} Nf6 {[%emt 0:00:00]} 3. c4 {[%emt 0:00:00]} e6 {[%emt 0:00:00]} 4. Nc3 {[%emt 0:00:51]} Bb4 {[%emt 0:00:18]} 5. Bg5 {[%emt 0:00:50]} h6 {[%emt 0:00:42]} 6. Bxf6 {[%emt 0:00:08]} Qxf6 {[%emt 0:00:06]} 7. e3 {[%emt 0:01:14]} O-O {[%emt 0:02:29]} 8. Rc1 {[%emt 0:01:03]} c6 {[%emt 0:02:43]} 9. Be2 {[%emt 0:03:56]} Nd7 {[%emt 0:00:31]} 10. O-O {[%emt 0:00:00]} Rd8 {[%emt 0:00:52]} 11. Qc2 {[%emt 0:26:02]} Qe7 {[%emt 0:07:10]} 12. a3 {[%emt 0:04:29]} Bd6 {[%emt 0:03:06]} 13. e4 {[%emt 0:01:21]} dxe4 {[%emt 0:01:43]} 14. Nxe4 {[%emt 0:01:01]} Bf4 {[%emt 0:01:58]} 15. Rcd1 {[%emt 0:00:12]} b6 {[%emt 0:19:42]} 16. b4 {[%emt 0:04:41]} Bb7 {[%emt 0:18:40]} 17. c5 {[%emt 0:02:44]} Rac8 {[%emt 0:00:48]} 18. Bc4 {[%emt 0:08:12]} a5 {[%emt 0:04:58]} 19. Ba2 {[%emt 0:16:42]} b5 {[%emt 0:01:29]} 20. Bb1 {[%emt 0:02:17]} Nf8 {[%emt 0:00:48]} 21. Ne5 {[%emt 0:03:05]} f6 {[%emt 0:00:01]} 22. Nf3 {[%emt 0:01:08]} axb4 {[%emt 0:02:01]} 23. axb4 {[%emt 0:02:31]} Ra8 {[%emt 0:00:57]} 24. Nc3 {[%emt 0:00:31]} Qf7 {[%emt 0:01:14]} 25. Qe4 {[%emt 0:01:39]} Bb8 {[%emt 0:02:35]} 26. Bc2 {[%emt 0:00:42]} Ra3 {[%emt 0:03:00]} 27. Nb1 {[%emt 0:03:06]} Ra6 {[%emt 0:02:27]} 28. Nc3 {[%emt 0:00:44]} Ra3 {[%emt 0:00:24]} 29. Nb1 {[%emt 0:00:14]} Ra6 {[%emt 0:02:14]} 30. Nc3 {[%emt 0:00:31]} Bc7 {[%emt 0:00:59]} 31. Ra1 {[%emt 0:00:00]} Rda8 {[%emt 0:00:00]} 32. Rxa6 {[%emt 0:02:51]} Rxa6 {[%emt 0:00:03]} 33. Bb3 {[%emt 0:00:10]} Bc8 {[%emt 0:00:35]} 34. Bc2 {[%emt 0:01:54]} Bd7 {[%emt 0:00:20]} 35. Rb1 {[%emt 0:03:18]} Be8 {[%emt 0:01:43]} 36. Qe1 {[%emt 0:03:44]} Qd7 {[%emt 0:01:36]} 37. Qe3 {[%emt 0:00:17]} Bf7 {[%emt 0:00:09]} 38. Ne2 {[%emt 0:02:22]} Qc8 {[%emt 0:01:58]} 39. Ng3 {[%emt 0:00:51]} Qa8 {[%emt 0:02:39]} 40. Nh4 {[%emt 0:01:18]} Ra3 {[%emt 0:00:48]} 41. Qc1 {[%emt 0:01:02]} Ra6 {[%emt 0:02:01]} 42. Qe3 {[%emt 0:00:18]} Ra1 {[%emt 0:01:08]} 43. Qc1 {[%emt 0:00:13]} Rxb1 {[%emt 0:01:28]} 44. Qxb1 {[%emt 0:00:19]} Qa3 {[%emt 0:00:00]} 45. Be4 {[%emt 0:00:01]} Be8 {[%emt 0:01:12]} 46. Nf3 {[%emt 0:00:40]} Bd8 {[%emt 0:00:44]} 47. Bc2 {[%emt 0:00:44]} Bc7 {[%emt 0:03:06]} 48. Be4 {[%emt 0:00:21]} Kf7 {[%emt 0:02:07]} 49. Nf1 {[%emt 0:00:01]} Ke7 {[%emt 0:00:16]} 50. Ng3 {[%emt 0:01:09]} g5 {[%emt 0:01:42]} 51. Nf1 {[%emt 0:00:44]} g4 {[%emt 0:01:05]} 52. N3d2 {[%emt 0:02:22]} Qc3 {[%emt 0:00:46]} 53. Qd3 {[%emt 0:01:10]} Qxb4 {[%emt 0:00:14]} 54. Qe3 {[%emt 0:00:27]} h5 {[%emt 0:02:48]} 55. d5 {[%emt 0:00:00]} cxd5 {[%emt 0:00:37]} 56. Bxd5 {[%emt 0:00:26]} Bf4 {[%emt 0:00:00]} 57. Qe2 {[%emt 0:00:05]} Qxc5 {[%emt 0:00:47]} 58. Be4 {[%emt 0:00:23]} f5 {[%emt 0:00:07]} 59. Bb1 {[%emt 0:00:51]} Ng6 {[%emt 0:00:17]} 60. Ba2 {[%emt 0:01:22]} Ne5 {[%emt 0:00:22]} 61. Nb3 {[%emt 0:00:06]} Qd5 {[%emt 0:01:17]} 62. Na5 {[%emt 0:00:33]} Qd4 {[%emt 0:01:04]} 63. Qc2 {[%emt 0:00:48]} Nd3 {[%emt 0:00:46]} 64. Bb1 {[%emt 0:00:30]} Nc5 {[%emt 0:01:17]} 65. Ba2 {[%emt 0:00:06]} h4 {[%emt 0:00:15]} 66. g3 {[%emt 0:01:01]} hxg3 {[%emt 0:00:53]} 67. hxg3 {[%emt 0:00:25]} Bd6 {[%emt 0:00:05]} 68. Ne3 {[%emt 0:00:03]} Qa4 {[%emt 0:00:20]} 69. Nb3 {[%emt 0:00:19]} Qe4 {[%emt 0:00:59]} 70. Qc3 {[%emt 0:01:01]} Nxb3 {[%emt 0:01:41]} 71. Bxb3 {[%emt 0:00:24]} Bd7 {[%emt 0:00:15]} 72. Bc2 {[%emt 0:00:26]} Qe5 {[%emt 0:00:07]} 73. Qa5 {[%emt 0:00:49]} Bc5 {[%emt 0:00:07]} 74. Qd2 {[%emt 0:00:34]} Bc6 {[%emt 0:00:22]} 75. Nxf5+ {[%emt 0:00:33]} exf5 {[%emt 0:01:40]} 76. Qg5+ {[%emt 0:00:26]} Qf6 {[%emt 0:00:06]} 0-1

[Event "Eurasia Open Cup 2019"]
[Site "Ekaterinburg"]
[Date "2019.08.02"]
[Round "3.32"]
[White "Davtyan, Artur"]
[Black "Fomin, Pavel V."]
[Result "1-0"]
[WhiteElo "2440"]
[BlackElo "2103"]
[Annotator "NA"]
[PlyCount "89"]
[EventDate "2019.07.31"]
[EventType "swiss"]
[EventCountry "RUS"]
[SourceTitle "playchess.com"]
[Source "ChessBase"]
[SourceQuality "1"]
[TimeControl "5400+30"]

1. d4 {[%emt 0:00:00]} c5 {[%emt 0:00:00]} 2. d5 {[%emt 0:00:00]} Nf6 {[%emt 0:00:15]} 3. Nc3 {[%emt 0:00:25]} e6 {[%emt 0:00:10]} 4. e4 {[%emt 0:00:10]} exd5 {[%emt 0:00:05]} 5. e5 {[%emt 0:05:43]} Ng8 {[%emt 0:06:00]} 6. Qxd5 {[%emt 0:06:13]} Ne7 {[%emt 0:05:07]} 7. Qe4 {[%emt 0:00:41]} a6 {[%emt 0:10:41]} 8. Bc4 {[%emt 0:00:42]} d5 {[%emt 0:00:02]} 9. Nxd5 {[%emt 0:09:18]} Nbc6 {[%emt 0:04:12]} 10. Nxe7 {[%emt 0:23:07]} Bxe7 {[%emt 0:09:19]} 11. Nf3 {[%emt 0:01:19]} Be6 {[%emt 0:02:31]} 12. Be3 {[%emt 0:06:30]} Qb6 {[%emt 0:04:33]} 13. Bxe6 {[%emt 0:15:02]} fxe6 {[%emt 0:07:10]} 14. O-O {[%emt 0:03:57]} O-O {[%emt 0:00:24]} 15. c3 {[%emt 0:00:29]} Rf5 {[%emt 0:07:38]} 16. Rad1 {[%emt 0:07:15]} Qc7 {[%emt 0:03:56]} 17. Bf4 {[%emt 0:01:01]} Raf8 {[%emt 0:04:29]} 18. Bg3 {[%emt 0:10:43]} b5 {[%emt 0:01:21]} 19. Rd2 {[%emt 0:00:09]} Rd8 {[%emt 0:03:55]} 20. Rxd8+ {[%emt 0:00:00]} Bxd8 {[%emt 0:01:25]} 21. Rd1 {[%emt 0:00:31]} Be7 {[%emt 0:01:38]} 22. h4 {[%emt 0:00:00]} g6 {[%emt 0:00:43]} 23. Bf4 {[%emt 0:03:14]} Rf8 {[%emt 0:04:25]} 24. Bg5 {[%emt 0:00:11]} Rd8 {[%emt 0:04:16]} 25. Rxd8+ {[%emt 0:00:30]} Bxd8 {[%emt 0:01:25]} 26. Bxd8 {[%emt 0:00:03]} Nxd8 {[%emt 0:01:15]} 27. Qa8 {[%emt 0:00:00]} h6 {[%emt 0:00:04]} 28. Qxa6 {[%emt 0:00:12]} Qd7 {[%emt 0:01:25]} 29. Qd6 {[%emt 0:00:07]} Qxd6 {[%emt 0:03:16]} 30. exd6 {[%emt 0:00:03]} Nb7 {[%emt 0:00:16]} 31. d7 {[%emt 0:00:03]} Kf7 {[%emt 0:00:15]} 32. Ne5+ {[%emt 0:00:03]} Ke7 {[%emt 0:00:03]} 33. f4 {[%emt 0:00:04]} c4 {[%emt 0:00:15]} 34. Nxg6+ {[%emt 0:00:13]} Kxd7 {[%emt 0:00:51]} 35. Ne5+ {[%emt 0:00:30]} Ke7 {[%emt 0:00:03]} 36. Nc6+ {[%emt 0:00:03]} Kf6 {[%emt 0:01:11]} 37. Nd4 {[%emt 0:00:23]} Nd6 {[%emt 0:00:22]} 38. g4 {[%emt 0:00:00]} e5 {[%emt 0:00:09]} 39. g5+ {[%emt 0:00:00]} hxg5 {[%emt 0:01:04]} 40. hxg5+ {[%emt 0:00:12]} Ke7 {[%emt 0:00:46]} 41. fxe5 {[%emt 0:00:03]} Nf7 {[%emt 0:00:09]} 42. Nf3 {[%emt 0:00:06]} Ke6 {[%emt 0:00:06]} 43. g6 {[%emt 0:01:05]} Nh6 {[%emt 0:00:13]} 44. Kf2 {[%emt 0:00:10]} Kf5 {[%emt 0:00:19]} 45. g7 {[%emt 0:00:43]} 1-0

[Event "Eurasia Open Cup 2019"]
[Site "Ekaterinburg"]
[Date "2019.08.02"]
[Round "3.33"]
[White "Kolomensky, Vladimir"]
[Black "Radzhabov, Rodion"]
[Result "0-1"]
[WhiteElo "2101"]
[BlackElo "2404"]
[Annotator "NA"]
[PlyCount "116"]
[EventDate "2019.07.31"]
[EventType "swiss"]
[EventCountry "RUS"]
[SourceTitle "playchess.com"]
[Source "ChessBase"]
[SourceQuality "1"]
[TimeControl "5400+30"]

1. e4 {[%emt 0:00:00]} c5 {[%emt 0:00:00]} 2. Nf3 {[%emt 0:00:00]} Nc6 {[%emt 0:00:00]} 3. d4 {[%emt 0:00:00]} cxd4 {[%emt 0:00:00]} 4. Nxd4 {[%emt 0:00:00]} Qc7 {[%emt 0:00:00]} 5. Nc3 {[%emt 0:00:00]} e6 {[%emt 0:00:07]} 6. g3 {[%emt 0:00:15]} a6 {[%emt 0:00:00]} 7. Bg2 {[%emt 0:00:35]} Nf6 {[%emt 0:00:00]} 8. O-O {[%emt 0:00:00]} Bc5 {[%emt 0:00:00]} 9. Nxc6 {[%emt 0:00:49]} dxc6 {[%emt 0:00:00]} 10. Na4 {[%emt 0:00:28]} Ba7 {[%emt 0:00:06]} 11. c4 {[%emt 0:00:20]} e5 {[%emt 0:00:11]} 12. c5 {[%emt 0:00:12]} Be6 {[%emt 0:00:11]} 13. Qc2 {[%emt 0:08:17]} O-O {[%emt 0:00:58]} 14. h3 {[%emt 0:04:54]} Qe7 {[%emt 0:00:33]} 15. Be3 {[%emt 0:22:40]} Ne8 {[%emt 0:14:03]} 16. Qc3 {[%emt 0:13:42]} f6 {[%emt 0:02:54]} 17. Rfd1 {[%emt 0:06:24]} Nc7 {[%emt 0:01:23]} 18. Nb6 {[%emt 0:23:59]} Nb5 {[%emt 0:01:23]} 19. Qc2 {[%emt 0:01:10]} Rad8 {[%emt 0:03:23]} 20. b4 {[%emt 0:05:34]} Bxb6 {[%emt 0:00:00]} 21. cxb6 {[%emt 0:04:47]} Qxb4 {[%emt 0:07:14]} 22. Bc5 {[%emt 0:00:32]} Qc3 {[%emt 0:00:14]} 23. Rdc1 {[%emt 0:02:29]} Qxc2 {[%emt 0:01:29]} 24. Rxc2 {[%emt 0:00:31]} Rf7 {[%emt 0:00:29]} 25. f4 {[%emt 0:00:01]} Rfd7 {[%emt 0:01:34]} 26. fxe5 {[%emt 0:00:41]} fxe5 {[%emt 0:06:37]} 27. Rf2 {[%emt 0:00:49]} Rd2 {[%emt 0:01:08]} 28. Raf1 {[%emt 0:00:33]} Rxf2 {[%emt 0:02:26]} 29. Rxf2 {[%emt 0:01:32]} Nc3 {[%emt 0:00:38]} 30. a3 {[%emt 0:00:00]} Na4 {[%emt 0:03:17]} 31. Be7 {[%emt 0:00:00]} Re8 {[%emt 0:01:18]} 32. Bd6 {[%emt 0:02:05]} Nxb6 {[%emt 0:01:05]} 33. Bf1 {[%emt 0:00:45]} Nc4 {[%emt 0:00:05]} 34. Bxc4 {[%emt 0:01:03]} Bxc4 {[%emt 0:02:00]} 35. a4 {[%emt 0:00:30]} Bd3 {[%emt 0:00:06]} 36. a5 {[%emt 0:00:48]} Bxe4 {[%emt 0:09:25]} 37. Re2 {[%emt 0:00:00]} Rd8 {[%emt 0:00:45]} 38. Bxe5 {[%emt 0:00:20]} Bf5 {[%emt 0:03:59]} 39. g4 {[%emt 0:00:35]} Bd3 {[%emt 0:00:10]} 40. Re3 {[%emt 0:00:56]} c5 {[%emt 0:02:22]} 41. Bc3 {[%emt 0:00:33]} Rd7 {[%emt 0:00:28]} 42. Re5 {[%emt 0:00:23]} c4 {[%emt 0:00:04]} 43. Kf2 {[%emt 0:00:32]} Kf7 {[%emt 0:00:20]} 44. h4 {[%emt 0:00:06]} g6 {[%emt 0:00:33]} 45. h5 {[%emt 0:00:24]} gxh5 {[%emt 0:04:56]} 46. gxh5 {[%emt 0:01:05]} Rc7 {[%emt 0:00:22]} 47. Kg3 {[%emt 0:00:00]} Rc6 {[%emt 0:03:05]} 48. Rg5 {[%emt 0:00:00]} b5 {[%emt 0:00:00]} 49. Rg7+ {[%emt 0:01:06]} Ke6 {[%emt 0:00:55]} 50. Rb7 {[%emt 0:01:04]} Kd5 {[%emt 0:00:00]} 51. Kf4 {[%emt 0:00:26]} Kc5 {[%emt 0:01:11]} 52. Re7 {[%emt 0:00:09]} Rd6 {[%emt 0:02:55]} 53. Rc7+ {[%emt 0:00:20]} Kd5 {[%emt 0:04:16]} 54. Rc8 {[%emt 0:00:20]} Be2 {[%emt 0:00:00]} 55. Kg5 {[%emt 0:01:54]} Ke4 {[%emt 0:01:14]} 56. Bb4 {[%emt 0:00:41]} Rd5+ {[%emt 0:02:06]} 57. Kf6 {[%emt 0:00:21]} Rxh5 {[%emt 0:00:53]} 58. Rd8 {[%emt 0:00:11]} Rh3 {[%emt 0:00:00]} 0-1

[Event "Eurasia Open Cup 2019"]
[Site "Ekaterinburg"]
[Date "2019.08.02"]
[Round "3.34"]
[White "Grebnev, Aleksey"]
[Black "Dilmukhametov, Artur"]
[Result "1/2-1/2"]
[WhiteElo "2093"]
[BlackElo "2346"]
[Annotator "NA"]
[PlyCount "80"]
[EventDate "2019.07.31"]
[EventType "swiss"]
[EventCountry "RUS"]
[SourceTitle "playchess.com"]
[Source "ChessBase"]
[SourceQuality "1"]
[TimeControl "5400+30"]

1. c4 {[%emt 0:02:47]} e5 {[%emt 0:02:11]} 2. Nc3 {[%emt 0:00:39]} Nf6 {[%emt 0:00:55]} 3. g3 {[%emt 0:00:00]} c6 {[%emt 0:01:52]} 4. Bg2 {[%emt 0:04:42]} d5 {[%emt 0:01:15]} 5. cxd5 {[%emt 0:00:08]} cxd5 {[%emt 0:00:29]} 6. Qb3 {[%emt 0:02:50]} e4 {[%emt 0:16:51]} 7. f3 {[%emt 0:04:52]} Na6 {[%emt 0:15:45]} 8. fxe4 {[%emt 0:04:12]} Nc5 {[%emt 0:00:09]} 9. Qc2 {[%emt 0:00:34]} dxe4 {[%emt 0:05:24]} 10. Nxe4 {[%emt 0:03:53]} Ncxe4 {[%emt 0:00:07]} 11. Bxe4 {[%emt 0:00:08]} Nxe4 {[%emt 0:00:33]} 12. Qxe4+ {[%emt 0:00:06]} Be7 {[%emt 0:00:01]} 13. Nf3 {[%emt 0:00:25]} O-O {[%emt 0:05:17]} 14. O-O {[%emt 0:00:43]} Bf6 {[%emt 0:06:14]} 15. d4 {[%emt 0:03:27]} Re8 {[%emt 0:00:51]} 16. Qd3 {[%emt 0:00:40]} Qd5 {[%emt 0:00:00]} 17. e3 {[%emt 0:04:40]} Bg4 {[%emt 0:05:46]} 18. Ne1 {[%emt 0:06:25]} Bd7 {[%emt 0:04:27]} 19. Qb3 {[%emt 0:07:55]} Qxb3 {[%emt 0:15:33]} 20. axb3 {[%emt 0:00:11]} Be6 {[%emt 0:00:28]} 21. Bd2 {[%emt 0:06:18]} Bxb3 {[%emt 0:00:10]} 22. Ng2 {[%emt 0:00:14]} Bd5 {[%emt 0:02:38]} 23. Nf4 {[%emt 0:00:16]} Be4 {[%emt 0:00:01]} 24. Rfc1 {[%emt 0:00:44]} b6 {[%emt 0:02:10]} 25. Kf2 {[%emt 0:00:35]} a5 {[%emt 0:01:54]} 26. Rc7 {[%emt 0:01:08]} Bd8 {[%emt 0:00:36]} 27. Rc4 {[%emt 0:01:51]} Be7 {[%emt 0:01:05]} 28. Rc7 {[%emt 0:01:33]} Bd6 {[%emt 0:01:09]} 29. Rd7 {[%emt 0:00:34]} Bf8 {[%emt 0:02:59]} 30. Nd5 {[%emt 0:02:23]} Rab8 {[%emt 0:02:05]} 31. Nc3 {[%emt 0:01:50]} Bf5 {[%emt 0:01:38]} 32. Rc7 {[%emt 0:00:00]} Bd6 {[%emt 0:00:46]} 33. Rc6 {[%emt 0:00:00]} Bb4 {[%emt 0:00:01]} 34. Ke2 {[%emt 0:02:10]} b5 {[%emt 0:00:35]} 35. Nd5 {[%emt 0:01:53]} Bg4+ {[%emt 0:00:06]} 36. Kd3 {[%emt 0:00:00]} Bf5+ {[%emt 0:01:14]} 37. Ke2 {[%emt 0:00:08]} Bg4+ {[%emt 0:01:00]} 38. Kd3 {[%emt 0:00:25]} Bf5+ {[%emt 0:00:15]} 39. Ke2 {[%emt 0:00:05]} Bg4+ {[%emt 0:00:04]} 40. Kd3 {[%emt 0:00:04]} Bf5+ {[%emt 0:00:05]} 1/2-1/2